[Event "CB-Emu swiss"]
[Site "?"]
[Date "2017.03.22"]
[Round "?"]
[White "Sensory 9 Playmatic S, Fidelity"]
[Black "Almeria, Mephisto"]
[Result "0-1"]
[WhiteElo "1750"]
[BlackElo "2175"]
[Annotator "Fritz 15 (60s)"]
[PlyCount "45"]
[EventDate "2017.??.??"]

{Für den Playmatic S gilt dasselbe wie für alle anderen Sensory 9-Modelle. Der
Emulator läuft mit 27 MHz. Der Sensory 9 hat aber keine programmierbaren
Spielstufen. Höchste Stufe ist Level 8 = 6 min/Zug. Original hat er 3 MHz. Er
verhält sich hier also wie eine 6 MHz Maschine die beim pondern 27 MHz hat.
Der Almeria kann auf meinem Prozessor um Faktor 4,5 beschleunigt werden. Die
programmierbare Spielstufe wurde entsprechend angepasst. Er läuft jetzt wie
ein 68020 mit 54 MHz. In diesem Zusammenhang fällt auf, dass CB-Emu bzw. Mess
scheinbar bei einem 16 oder 32 bit Prozessor weit mehr herauskitzeln kann als
aus einem 8bitter. D04: Damenbauernspiele} 1. d4 d5 2. Nf3 Nf6 3. e3 Bg4 4. Be2
e6 {erster berechneter Zug von Schwarz} 5. Nbd2 c5 {Wow... getunt kann der
Almeria aggressiv. Ohne Beschleunigung würde er hier ganz zurückhaltend Le7
oder Ld6 spielen.} 6. O-O {erster berechneter Zug Weiss} (6. h3 Bh5 7. O-O Nc6
8. c3 Be7 9. Re1 O-O 10. b3 Qc7 11. Bb2 Rfd8 12. Nh4 Bxe2 13. Qxe2 Rac8 14.
Nhf3 a6 15. Red1 b5 16. dxc5 Bxc5 17. Nd4 Na5 18. a4 Bxd4 19. exd4 Qb6 20. axb5
axb5 {Veselsky,J (2225)-Meduna,E (2480) Hlohovec 1995 0-1 (51)}) 6... Nbd7 (
6... Nc6 7. c3 Qc7 8. Qa4 Nd7 9. Re1 Nb6 10. Qd1 cxd4 11. exd4 Bd6 12. Nf1 O-O
13. h3 Bf5 14. Bd3 Ne7 15. Ne3 Bxd3 16. Qxd3 Ng6 17. Nf1 Nc4 18. g3 {1/2-1/2 
(18) Hamm,G (2135)-Lieb,H (2243) Berlin 2008}) 7. Ng5 $146 {Etwas zu
ambitioniert. 2mal hat es ja eine Sensory 9-Version zum Favoritenschreck
gebracht. Hier wird das wohl nicht passieren. Besser war dxc5} (7. b3 cxd4 8.
exd4 Bd6 9. Bb2 O-O 10. h3 Bf5 11. c4 h6 12. c5 Bc7 13. b4 Ne4 14. Ne5 Nxe5 15.
dxe5 Qe7 16. Nxe4 Bxe4 17. Bd3 Bxd3 18. Qxd3 Rfc8 19. f4 b6 20. Bd4 bxc5 21.
bxc5 Rab8 {Ngo Kim,C-Ngo T Kim,T Vung Tau 2000 1-0}) (7. h3 $5 Bf5 8. Nh4 $11)
7... Bxe2 {Schwarz gabelt: d1+f1} 8. Qxe2 Qc7 9. Ndf3 {c4 war deutlich
vorteilhafter} (9. e4 $5 dxe4 10. Ndxe4 $11) 9... h6 $17 10. Nh3 {Positionell
steht der Playmatic bereits besch...eiden da. Dem Almeria kann man nicht so
einfach ein X für ein U vormachen, wie dem Super Expert oder dem Nigel Short.}
Bd6 11. dxc5 Qxc5 12. c3 Qc7 13. Bd2 (13. g3 O-O $17) 13... O-O (13... g5 14.
Nd4 Bxh2+ 15. Kh1 $17) 14. g3 {von dem verwegenen Helden, der den Super Expert
C nahezu an die Wand gespielt hat, ist hier nichts mehr zu sehen...} Rac8 15.
Qb5 (15. Nd4 a6 $15) 15... a6 16. Qb3 Nc5 17. Qc2 Nce4 18. Nf4 Rfe8 19. Qa4 $2
{Autsch. Ein böser Fehler der eine Figur kostet. Nun kommt Schwarz schnell in
Vorteil. 19. h3 wäre dringend erforderlich um g5 nebst g4 zu verhindern.} (19.
a4 $142 $17) 19... g5 $19 20. Nd3 (20. Qc2 gxf4 21. exf4 Bc5 $19) 20... g4 21.
Nde1 Kh8 22. Rd1 gxf3 23. Nxf3 {Den Rest dieser Peinlichkeit habe ich dem
Playmatic erspart. Der Weg für die Türme ist bereits freigemacht und die
weisse Königsstellung reif zum Sturm. Da kann der Playmatic nicht mehr mogeln..
. . .} 0-1

[Event "CB-Emu swiss"]
[Site "?"]
[Date "2017.03.23"]
[Round "1"]
[White "Portorose 32, Mephisto"]
[Black "Kishon Chesster, Fidelity"]
[Result "1/2-1/2"]
[WhiteElo "2230"]
[BlackElo "1830"]
[Annotator "Houdini 4 Pro w32 4core (60s)"]
[PlyCount "79"]
[EventDate "2017.??.??"]

{Der Portorose läuft unter der CB-Emu auf meinem Rechner mit 60 MHz. Die
Spielstufe wurde entsprechend angepasst. Erstaunlich ist hier, dass die
Emulation mehr beschleunigt werden kann, als beim Almeria, der im Original mit
denselben technischen Daten aufwartet. Es hat wohl mit der Befehlsumsetzung
innerhalb der Emulation zu tun. Manche Befehle können besser, manche
schlechter übersetzt werden. Und nichts anderes als eine Übersetzung von
68020-Befehlen auf die Befehle des AMD-Prozessors ist es ja, was eine
Emulation macht. Scheinbar kann der Porto hier besser profitieren. Der Kishon
Chesster sollte eigentlich im Original laufen. Ich habe mich nachträglich
allerdings entschlossen, die emulierte 7,2 MHz Version von Franz zu nehmen.
Allerdings auch in der Emulation wie ursprünglich geplant mit
Originalgeschwndigkeit, um eine Messlatte für die beschleunigten "Kollegen" zu
haben. A34: Englische Eröffnung (Symmetrische Variante)} 1. c4 c5 2. Nf3 Nf6 3.
Nc3 {Kishon: "Entschuldigung, dieser Zug ist nicht in meiner
Eröffnungsbibliothek. Ich bin dran!" Das lustige ist dabei: Er antwortet
danach aus der Bibliothek...} d5 4. cxd5 Nxd5 5. e4 Nb4 6. Bb5+ {Kishon:
"Nichts Neues unter der Sonne"} N8c6 7. d4 cxd4 8. a3 dxc3 9. Qxd8+ {Kishon:
"Bist Du sicher dass Du nicht etwas anderes vorhattest?"} Kxd8 10. axb4 cxb2
11. Bxb2 e6 {Hier war beim Vancouver das Buch zu Ende und er musste erstmals
rechnen.} 12. O-O {Kishon: "Heiliger Strohsack"} f6 {Kishon hat die Variante
länger im Buch...} 13. Bxc6 {Aber nun ist es auch mit Kishons Buch vorbei. Die
Stellung schaut trotz des schwarzen Mehrbauers gleichwertig aus und das Brett
hat sich schon deutlich geleert} (13. e5 f5 14. Ng5 Ke7 15. Bxc6 bxc6 16. Bd4
Ke8 17. Bc5 Bxc5 18. bxc5 Ke7 19. Rfd1 a5 20. h4 Bd7 21. Ra3 a4 22. Rd4 Ra5 23.
Rc4 h6 24. Nf3 Rha8 25. Nd4 g5 26. hxg5 hxg5 27. f3 Kd8 {Huebner,R (2605)
-Timman,J (2650) Cologne 1985 0-1 (57)}) 13... bxc6 {In dieser gelichteten
Stellung mit einem Bauern weniger, wird es auch für den Porto schwer werden,
einen schnellen Gewinn zu erzielen.} 14. e5 f5 15. Bc3 $146 (15. Nd4 Bd7 16.
Rfc1 Bxb4 17. Nxc6+ Bxc6 18. Rxc6 Kd7 19. Rca6 Bc5 20. Bd4 Bxd4 21. Rd1 Rad8
22. Rxd4+ Kc8 23. Rxd8+ Rxd8 24. f4 Kb7 25. Rxe6 a5 26. Re7+ Kb6 27. Rxg7 a4
28. Rg3 Ra8 29. Ra3 Kc5 {Rakowiecki,T-Adamski,J Poland 1980 1/2-1/2 (40)}) (15.
Ra4 Be7 16. Rfa1 a6 17. Bd4 Kc7 18. Bc3 Kb7 19. Nd2 Rd8 20. Nc4 Rd3 21. Rc1 Bg5
22. Raa1 Bxc1 23. Rxc1 Bd7 24. Nd6+ Kb6 25. f4 Be8 26. Be1 Bh5 27. Bf2+ Kc7 28.
Nc4 Rd1+ 29. Rxd1 Bxd1 {Szabo,B (1993)-Kayar,E (2191) Balatonlelle op 2006 0-1
(45)} 30. Bc5 Be2 31. Bd6+ Kb7 32. Na5+ Kb6 33. Kf2 Bd3 34. Ke3 Be4 35. g3 Bd5
36. Kd4 Rg8 37. h4 h6 38. Be7 Kc7 39. h5 Kd7 40. Bd6 g6 41. Ke3 gxh5 42. Kf2 h4
43. gxh4 Rg2+ 44. Ke3 Rg3+ {Szabo,B (1993)-Kayar,M (2191) Balatonlelle 2006
0-1 (45)}) 15... Bd7 16. Rfc1 Be7 17. Bd2 Kc7 18. b5 c5 19. Bg5 Bf8 20. Be3 {
Nimmt den Isolani ins Visier. Kishon: "Naja..." und das klingt zu Recht
gelangweilt, denn irgendwie vorwärts gehen tut es da nirgends....} Kb6 21. Ng5
Be7 22. Nxe6 Bxe6 23. Ra6+ Kxb5 24. Rxe6 Bf8 $6 {Besser war vermutlich The8.
Schon allein um den weit vorgerückten e-Bauern abzufangen. Nun kommt Weiss in
Vorteil.} 25. Rb1+ Kc4 26. Ra6 Rg8 27. Rb7 (27. f4 g6 $14) 27... Kd5 (27... g5
28. f4 $11) 28. e6 {Der Freibauer ist nicht zu unterschätzen} Re8 {Kishon: "Du
bist dran". Naja... jetzt rechnet der Porto halt ab und an mal ein wenig
länger... Er hat auch noch genug Zeit auf der Uhr.} 29. Rd7+ Kc4 30. h3 {
Man hätte auch gleich mit Tda7 den Bauern schlagen können. Aber auch der
Textzug ist gut.} g5 31. Rxh7 {Der Bauer, den Porto weniger hatte ist
zurückerobert und Weiss hat die bessere Stellung.} f4 32. Bd2 {Kishon:
"Heiliger Strohsack"} Rg6 33. h4 gxh4 34. Bxf4 Rgxe6 35. Ra5 {Kishon: "Naja...
" Er wiederholt sich zwar und es klingt wie immer etwas gelangweilt, aber auch
hier hat der Kishon recht. Objektiv steht Weiss besser, aber nachdem der
gefährlichste Bauer weg ist, wird eine Gewinnrealisierung für den Porto immer
schwerer. Jeder weisse Bauer, der nun das Brett verlässt ist ein Schritt in
Richtung Remis. Und Weiss hat nur noch das Bauernpaar f2/g2.} a6 36. Rxh4 Kb3
37. Rh3+ Kb4 (37... Kc2 38. Re3 $11) 38. Bd2+ Kc4 39. Rc3+ Kd5 40. Rd3+ {
An dieser Stelle habe ich die Partie Remis gegeben. Will Weiss mit seinen
Bauern vorstoßen, braucht er die Unterstützung seiner Figuren. Die sind jedoch
durch den Freibauern auf c5 gebunden. Daher muss zwangsläufig jeder
Gewinnversuch scheitern. Auch die Analysen von Porto lassen nicht erahnen,
dass er irgendwann seine Bauern aktivieren wird. Eine schöne Leistung des
kleinen Chesster.} 1/2-1/2

[Event "CB-Emu swiss"]
[Site "?"]
[Date "2017.03.24"]
[Round "1"]
[White "Diablo 68000, Novag"]
[Black "Sensory Chess Challenger 12B, Fidelity"]
[Result "1/2-1/2"]
[WhiteElo "2200"]
[BlackElo "1810"]
[Annotator "Houdini 4 Pro w32 4core (60s)"]
[PlyCount "140"]
[EventDate "2017.??.??"]

{C54: Italienische Partie (Hauptvariante)} 1. e4 e5 2. Nf3 Nc6 3. Bc4 Bc5 4. c3
Nf6 5. d3 d6 6. b4 Bb6 7. O-O {Nun muss der Sensory 12 das Rechnen anfangen}
O-O 8. Bg5 h6 9. Bh4 a6 (9... g5 10. Bg3 Bg4 11. Nbd2 Nh5 12. Kh1 (12. a4 a5
13. b5 Ne7 14. Kh1 Ng6 15. h3 Be6 16. Nh2 Nhf4 17. Bxf4 Nxf4 18. g3 Bxc4 19.
Nxc4 Ne6 20. Qh5 Kg7 21. Ng4 Rh8 22. Nce3 Qg8 23. Nd5 Qh7 24. f4 exf4 25. gxf4
Qg6 26. Qxg6+ fxg6 {Geurink,J (2331)-Mueer,S (2236) Germany 2013 1-0 (60)})
12... Nf4 13. Bxf4 gxf4 14. h3 Bd7 15. a4 a6 16. Bb3 Ba7 17. Nc4 b5 18. Na3 Ne7
19. d4 Ng6 20. axb5 axb5 21. Qd3 Qe8 22. Nc2 Bc6 23. Rfe1 Bb6 24. Rad1 {
Kosten,A (2510)-Lane,G (2410) Schoeneck 1988 1-0 (39)}) 10. a4 {Der erste
berechnete Zug des Diabolo. Üblicher ist Sbd2, aber der Bauernzug ist
ebenfalls sehr gut} Bg4 11. h3 $146 (11. Nbd2 Qe7 12. h3 Be6 13. Qb3 Bxc4 14.
Nxc4 Qe6 15. Bxf6 Qxf6 16. Nxb6 cxb6 17. Nh2 Qe6 18. Qa2 Qxa2 19. Rxa2 f5 20.
Rd2 Rac8 21. f3 Ne7 22. c4 Nc6 23. b5 axb5 24. axb5 Nd4 25. Ra2 Ra8 {Berkes,
F-Zentai,G Paks 1995 1-0 (52)}) 11... Bd7 12. a5 Ba7 13. Nh2 (13. Nbd2 Kh7 $11)
13... Qe7 (13... g5 14. Bg3 Ne7 15. Na3 $11) 14. Ng4 {Sd2 ist hier vorzuziehen.
Oder war es das Ziel sich mit der Umgruppierung des Springers einen
Doppelbauern zu schaffen?} (14. Nd2 Kh7 $11) 14... Bxg4 15. hxg4 (15. Bxf6 $5 {
ist zu prüfen} Bxd1 16. Bxe7 Nxe7 17. Rxd1 $11) 15... g5 $17 16. Bg3 {Wie auch
schon einer der Super Experts kriegt auch der Diablo gegen die vergleichsweise
schwachen alten Fidelitys kein Bein auf die Erde.} Qd7 17. b5 {Erst schafft er
sich einen Doppel-, jetzt auch noch einen vereinzelten Bauern. Ich muss den
Diablo nicht verstehen oder?} axb5 18. Bxb5 Bb6 {Frechheit siegt... Der
Isolani wird natürlich gleich angegriffen...} (18... Qxg4 19. Qxg4 Nxg4 20. Nd2
$17) 19. Bxc6 (19. a6 Qxg4 20. Qxg4 (20. axb7 $2 {ist falsch} Rxa1 21. Qxg4
Nxg4 22. Bxc6 h5 $19) 20... Nxg4 21. Nd2 $15 (21. axb7 Rxa1 22. Bxc6 h5 $19))
19... Qxc6 {und nun steht der Bauer a5 ziemlich verloren da...} 20. Qf3 Kg7 21.
a6 $2 {Man will es gar nicht glauben, was der Diablo hier gegen den kleinen
Fidelity abliefert....} (21. Nd2 Rxa5 (21... Qxc3 $6 22. Nc4 Bd4 23. Rac1 $15)
22. Rxa5 Bxa5 $17) 21... bxa6 (21... Rxa6 $142 $5 {lässt dem Gegner kaum
Chancen} 22. Rxa6 bxa6 23. d4 $19) 22. Qf5 {Die beiden wollen mich doch hier
vera.... Wo ist die versteckte Kamera???} (22. Nd2 a5 $17) 22... Qd7 {Tfd8
wäre noch ein wenig stärker.} 23. Kh1 (23. Nd2 Qxf5 24. gxf5 h5 $17) 23... Qb5
(23... a5 24. Na3 $19) 24. Qf3 (24. Rd1 a5 25. Na3 Qc6 $17) 24... Rfb8 {
Auf h8 hätte mir der Turm besser gefallen...} (24... Rfd8 25. Nd2 Qd7 26. Rfb1
Qxg4 27. Qxg4 Nxg4 28. f3 $17) 25. Qe2 $2 (25. Nd2 Qd7 26. d4 exd4 $17) 25...
Bc5 (25... Qd7 26. Nd2 Qxg4 27. Nf3 $19) 26. Ra2 (26. Nd2 a5 $17) 26... Qd7 {
Nun fängt der Fidelity an zu schwächeln, h5 war weit besser} (26... a5 $5 27.
Nd2 $19) 27. f3 $17 a5 28. Na3 Rb3 29. Nc4 a4 (29... Qb5 30. Rc1 a4 31. Bf2
Bxf2 32. Qxf2 $17) 30. Qc2 $2 (30. d4 exd4 31. cxd4 Bxd4 $17) 30... Rb7 {
Nach wie vor steht Schwarz etwas besser. Aber es geht einfach nicht vorwärts.
Der Diablo scheint sein Tief überwunden zu haben.} (30... Qb5 $142 {mit klarem
Vorteil für Schwarz} 31. Bh2 Rb8 $19) 31. Rfa1 {Td1 mit dem Plan d4 zu spielen
wäre eher ein Befreiungsschlag gewesen.} Rba7 32. Qd2 Qb5 33. Qc1 {Besser
sieht 33. Sa3 Lxa3 34. Txa3 aus. Damit wäre die Lage dann wohl wirklich
festgefahren.} (33. Bf2 Bxf2 34. Qxf2 Ng8 $15) 33... Qc6 (33... Nd7 34. Kh2 $17
) 34. Qb2 {Mit den sinnfreien Damenzügen gibt Diablo seinem Gegner eigentlich
Zeit für Aktionen... nur der macht leider auch nichts...} (34. Qd1 Qa6 $15)
34... Qa6 {a3 oder die Umgruppierung des Springers über d7 sieht besser aus.} (
34... a3 35. Qc1 Nd7 $17) 35. Rxa4 $2 {Mutig, Dd2 sah besser aus. Allerdings
wir das Endspiel sehr schwer zu behandeln. Und da kann der Fidelity leicht
straucheln..} (35. Qe2 $5 $15) 35... Qxa4 $17 36. Rxa4 Rxa4 37. Kh2 R4a7 {
Geht schon los. Mit Ta1 lassen sich leichter Drohungen aufstellen.} (37... Ra2
$142 $5 38. Qb3 h5 39. Bxe5 hxg4 40. Bxf6+ Kxf6 $15) 38. Qb5 $11 Ra1 39. d4 {
Das weisse Spiel ist riskant, aber die einzige Möglichkeit etwas zu erreichen.
Die schwarze Bauernkette soll zerstört werden um die Beweglichkeit der Figuren
zu erhöhen. Ist vielleicht doch noch etwas vom Charme des Superconny im Diablo?
} exd4 40. e5 $2 (40. cxd4 Bxd4 41. e5 Ne8 $11) 40... Ne8 $4 {danach kann
Schwarz alle Träume begraben} (40... dxc3 $142 41. exf6+ Kg8 $19) 41. cxd4 Bxd4
42. exd6 Nxd6 43. Nxd6 cxd6 {Insgesamt eine schöne Kombination, die für etwas
Übersicht auf dem Brett gesorgt hat. Ob die Materialverteilung allerdings für
mehr als ein Remis ausreicht, darf indes bezweifelt werden.} 44. Bxd6 Bf6 45.
Qf5 Re1 46. Kh3 Re6 47. Bc7 {ein schlechtes Feld für den Läufer. Schwarz kann
jetzt mit Ta2 nebst T6e2 einige Drohungen aufstellen.} (47. Bb4 Rd8 $15) 47...
Ra2 48. Qd5 Ree2 {und schon ist Schwarz wieder im Spiel.} 49. f4 (49. Qf5 Rad2
$15) 49... Ra3+ $17 (49... Rxg2 $6 50. fxg5 hxg5 51. Be5 $11) 50. Kh2 Ra4 51.
Qf3 Ree4 52. Qb3 {Ich hätte jetzt fxg5 erwartet. Sind die Bauern vom Brett ist
das Remis kaum noch zu vermeiden. Der Zug beinhaltet aber eine kleine Falle...}
gxf4 (52... Rab4 $142 53. Qg3 gxf4 $17) 53. Qb5 $4 {Warum das denn? Die Falle,
wenn sie denn wirklich eine war, wäre Ld6 gewesen, mit der Drohung Db8 nebst
Df8+. Nun wird es eher um den weissen König etwas eng...} (53. Bd6 Ra8 $15)
53... Reb4 $2 {Chance verpasst. 53. ...Ta2 54. Df5 T4e2 55. Lxf4 Txg2 und
Weiss bekommt Probleme} (53... Ra1 $142 $19 {und Schwarz gewinnt}) 54. Qf5 $11
Rc4 $2 {Auch nicht die beste Idee. Ta6 war erforderlich.} 55. Bd6 {Die
Hashtables des Diablo sind leider viel zu klein um mehr zu bewirken als ein
sauberes Bauernendspiel. 55. Le5 nebst g5 hätte vermutlich das Remis gesichert.
Angesichts der Bewertung des Diablo von -1,20 wäre das eigentlich zu erwarten
gewesen.} Re4 {Auch jetzt ist wieder das Remis drin... 56. Dc8 Le7 57. Dc3+
Kh7 58. Db3 Lxd6 59. Dxf7+ und Dauerschach. Aber nein... er machts einfach
nicht,} 56. Kh3 $2 (56. Qc8 Be7 57. Qc3+ Bf6 $11) 56... Be7 {Ich würd das ja
jetzt gerne Remis geben und ins Bett gehen... Aber jedesmal wenn es nach Remis
riecht macht einer einen Fehler und der andere nutzt ihn nicht aus... grausam..
. 56. ... Te1!} (56... Re3+ $142 $5 57. Kh2 Re6 $17) 57. Be5+ $11 f6 58. Bb8 (
58. Bb2 Re3+ 59. Kh2 Rae4 $11) 58... Rac4 59. Kh2 Rcd4 60. Kg1 Rb4 61. Kh2 Red4
62. Qe6 Rxb8 63. Qxe7+ Kg6 64. Qe6 Rbd8 65. Kh3 Ra4 $2 {Ob der gut war? Tf8!} (
65... Rf8 66. Qe7 Ra8 67. Kh4 $15) 66. Kh4 $11 Rda8 67. Qf5+ Kg7 68. Qd7+ Kh8
69. Qd6 R4a6 70. Qxf4 R8a7 {und damit ist es nun wirklich Remis.Mehr als
Dauerschach hat Weiss nicht mehr zu bieten und eine Annäherung des Königs wird
durch die Türme verhindert. Eine großartige Leistung des kleinen Fidelity
gegen einen Diablo der leider nicht so glänzen konnte wie es seine ELO-Wertung
vermuten lässt.} 1/2-1/2